000 00624nam a22002297a 4500
999 _c377299
_d377299
001 91030
003 UA-OsUOA
005 20191217100727.0
007 ta
008 20121121b un ||||| |||| 00| 0 ukr d
040 _aUA-OsUOA
_bukr
_cUA-OsUOA
_dUA-OsUOA
041 _aukr
080 _a821.161.2
090 _a821.161.2
_bП36
100 _aПідсуха О.
245 _aВибрані твори в двох томах: поезії
_n1
260 _aК.
_bДніпро
_c1978
300 _a374 с.
650 7 _a82 Література. Літературознавство
_2UDC
942 _cBK
_2udc
955 _a3